| 000 | 01773nam a2200397 i 4500 | ||
|---|---|---|---|
| 003 | DO-SdBNP | ||
| 005 | 20241003125857.0 | ||
| 007 | ta | ||
| 008 | 221111e2022 dr aodbgr|||| 001 edspa d | ||
| 020 | _a9789945221930 | ||
| 040 |
_aDO-SdBNP _bspa _cBNPHU _erda |
||
| 041 | _aspa | ||
| 082 | 4 |
_a304.87293051 _bP933c _222 |
|
| 245 | 0 | 3 |
_aLa presencia china en el Gran Caribe : _bayer y hoy / _ccoordinadora, Mukien Adriana Sang Ben ; cuidado de edición, Antonio Vidal, Wilson Genao, Virginia Flores Sasso, Jesús R. Navarro Zerpa. |
| 250 | _aPrimera edición | ||
| 264 | 4 |
_aSanto Domingo : _bCentro de Estudios Caribeños (PUCMM), _c©2022. |
|
| 300 |
_a982 páginas : _bilustraciones, fotografías, gráficos, mapas ; _c23 cm |
||
| 336 |
_atexto _btxt _2rdacontent |
||
| 337 |
_asin mediación _bn _2rdamedia |
||
| 338 |
_avolumen _bnc _2rdacarrier |
||
| 500 | _aIncluye notas al pie de las páginas | ||
| 500 | _aIncluye bibliografía al final de los capítulos | ||
| 590 | _aInventariado 2024/BT | ||
| 650 | 4 |
_982033 _aInmigrantes _zCaribe (Región) _ySiglo XIX - XX |
|
| 650 | 4 |
_939104 _aChinos en Caribe (Región) _xHistoria _ySiglo XIX - XX _zCaribe |
|
| 650 | 4 |
_980869 _aChinos en Cuba _xHistoria _ySiglo XIX - XX |
|
| 650 | 4 |
_aChinos en República Dominicana _xHistoria _ySiglo XIX-XX _986656 |
|
| 650 | 4 |
_aChinos en el Caribe (Región) _xAspectos económicos _xHistoria _ySiglo XIX-XX _986657 |
|
| 700 | 1 |
_aSang Ben, Mukien Adriana, _ecoordinador _4coord. _968060 |
|
| 700 | 1 |
_aVidal, Antonio, _eeditor _4ed. _986652 |
|
| 700 | 1 |
_aGenao, Wilson, _eeditor _4ed. _982804 |
|
| 700 | 1 |
_aFlores Sasso, Virginia, _eeditor _4ed. _977827 |
|
| 700 | 1 |
_aNavarro Zerpa, Jesús R. _eeditor _4ed. _973422 |
|
| 910 | _aBtavárez/Validado. Control de calidad MFF | ||
| 942 |
_2ddc _cLBS1 |
||
| 999 |
_c52896 _d52896 |
||